| 000 | 00573nam a2200157 4500 | ||
|---|---|---|---|
| 008 | 170712b xxu||||| |||| 00| 0 eng d | ||
| 022 | _a16565541 | ||
| 082 | _aDPer 641.05 F73 Dec 2012-Nov 2013 v. 9-10, n. 6-5 | ||
| 100 |
_921174 _aFontanilla, Marilen. |
||
| 245 |
_aSetting up shop/ _cMarilen Fontanilla. |
||
| 260 |
_aMakati City, Philippines: _bHinge Inquirer Publications, Inc., _cc2012-2013. |
||
| 300 |
_av10 n1, page 32: _billustrations; _c28 cm. |
||
| 500 | _aFood and beverages: make a living with food. | ||
| 650 | 0 |
_921175 _aFood _xBusiness |
|
| 942 |
_2ddc _cPER |
||
| 999 |
_c7003 _d7003 |
||